Kabale University Library Catalogue

Political conditionality / (Record no. 6044)

MARC details
000 -LEADER
fixed length control field 01000cam a2200241 a 4500
005 - DATE AND TIME OF LATEST TRANSACTION
control field 20260205125919.0
008 - FIXED-LENGTH DATA ELEMENTS--GENERAL INFORMATION
fixed length control field 930528s1993 enka b 000 0 eng
020 ## - INTERNATIONAL STANDARD BOOK NUMBER
International Standard Book Number 0714641014
020 ## - INTERNATIONAL STANDARD BOOK NUMBER
International Standard Book Number 9780714641010
040 ## - CATALOGING SOURCE
Original cataloging agency KABLIB
Transcribing agency KABLIB
Description conventions rda
082 00 - DEWEY DECIMAL CLASSIFICATION NUMBER
Classification number 338.9
Edition number 23
Item number POL
245 00 - TITLE STATEMENT
Title Political conditionality /
Statement of responsibility, etc. edited by Georg Sørensen.
260 ## - PUBLICATION, DISTRIBUTION, ETC.
Place of publication, distribution, etc. London ;
-- Portland, Or. :
Name of publisher, distributor, etc. F. Cass in association with the European Association of Development Research and Training Institutes (EADI), Geneva,
Date of publication, distribution, etc. c1993.
300 ## - PHYSICAL DESCRIPTION
Extent 134 p. :
Other physical details ill. ;
Dimensions 22 cm.
504 ## - BIBLIOGRAPHY, ETC. NOTE
Bibliography, etc. note Includes bibliographical references.
650 #0 - SUBJECT ADDED ENTRY--TOPICAL TERM
Topical term or geographic name entry element Economic assistance
General subdivision Political aspects
Geographic subdivision Developing countries.
9 (RLIN) 15301
650 #0 - SUBJECT ADDED ENTRY--TOPICAL TERM
Topical term or geographic name entry element Democracy
Geographic subdivision Developing countries.
9 (RLIN) 15302
650 #0 - SUBJECT ADDED ENTRY--TOPICAL TERM
Topical term or geographic name entry element Human rights
Geographic subdivision Developing countries.
9 (RLIN) 15303
650 #0 - SUBJECT ADDED ENTRY--TOPICAL TERM
Topical term or geographic name entry element Conditionality (International relations)
9 (RLIN) 15304
651 #0 - SUBJECT ADDED ENTRY--GEOGRAPHIC NAME
Geographic name Developing countries
General subdivision Politics and government.
9 (RLIN) 15165
700 1# - ADDED ENTRY--PERSONAL NAME
Personal name Sørensen, Georg,
Dates associated with a name 1948-
9 (RLIN) 15305
942 ## - ADDED ENTRY ELEMENTS (KOHA)
Source of classification or shelving scheme Dewey Decimal Classification
Koha item type Book
Holdings
Withdrawn status Lost status Source of classification or shelving scheme Damaged status Not for loan Home library Current library Shelving location Date acquired Source of acquisition Total Checkouts Full call number Barcode Date last seen Price effective from Koha item type
    Dewey Decimal Classification     Mukombe Library Mukombe Library Open Access Section 05.02.2026 Donation   338.9 POL 14479 05.02.2026 05.02.2026 Book

Kabale University Library | Kabale University P.O Box 317, Kabale, Uganda
Tel : +256754017033, +256774661503 E-mail : library@kab.ac.ug